000 00973nam a22002657a 4500
005 20110908145123.0
008 110908t xxu||||| |||| 00| 0 eng d
010 _aENG-103797
020 _c1350.00
_a9788171772360
035 _aEN-87330
037 _bDBAD/PUB
040 _aDPL
_bEng
082 _a347.54072
100 1 _934669
_aDatta, C.R.
245 1 4 _aS.C. Ghosh on principles & forms of pleading /
_cby C.R. Datta [and] H.K. Saharay
250 _a5th ed
260 _aKolkata
_bEastern Law House
_c2011
270 _a54,Ganesh Chunder Avenue,
_bKolkata
_e700013
_k033-22151989
_l033-22150491
_melh@cal.vsnl.net.in
300 _a154,1522p.
_c24cm (Hb)
500 _aIncludes index
650 0 _934671
700 _934736
_aSaharay, H.K.
942 _2ddc
_cEN
_mDAT
_h347.54072
999 _c56629
_d56629